| 000 | 01248nam a2200241 a 4500 | ||
|---|---|---|---|
| 003 | DLC | ||
| 005 | 20250822140147.0 | ||
| 008 | 250822c1956 us|qr|p|r|||| 00| 0 spa d | ||
| 022 | _a0010-4086 | ||
| 035 | _aUPN01000059777 | ||
| 040 |
_aMX-MxUPN _bspa _cMX-MxUPN _eaacr2 |
||
| 245 | 0 | 0 | _aComparative education review |
| 260 |
_aEstados Unidos : _bUniversity Chicago Press, _c1956- |
||
| 310 | _aTrimestral | ||
| 510 | _aUlrich's Periodicals Directory | ||
| 520 | 1 | _aEs una publicación de investigación original con rigor intelectual, tanto en aplicaciones teóricas como prácticas, buscando la representación de la diversidad sexual, étnica, cultural y religiosa. Además,busca impulsar el campo difundiendo los discursos sobre la educación a lo largo de la vida en regiones, contextos y temas históricamente subrepresentados. Promueve la investigación multidisciplinaria, valorando la diversidad de perspectivas y metodologías para expandir y transgredir las formas actuales de conocer y comprender la educación en todo el mundo. | |
| 650 | 4 |
_aEducación comparada _99140 |
|
| 650 | 7 |
_aEducación internacional _97351 |
|
| 653 | 0 | _aPolítica educativa | |
| 902 | _aGloria Jiménez/220825 | ||
| 905 | _aRevista | ||
| 942 | _cREV-I | ||
| 999 |
_c59683 _d59683 |
||